|
|
|
|
| LEADER |
00749nab a2200217 i 4500 |
| 001 |
misc1323 |
| 005 |
20191106143805.0 |
| 008 |
170607s1911 hu o 0|| hun d |
| 040 |
|
|
|a SZTE Miscellanea Repozitórium
|b hun
|
| 041 |
|
|
|a hun
|
| 100 |
1 |
|
|a Tünödy Sebestyén
|
| 245 |
1 |
0 |
|a Öt dolgozat
|h [elektronikus dokumentum] :
|b Az ősz /
|c Tünödy Sebestyén
|
| 260 |
|
|
|c 1911
|
| 300 |
|
|
|a 742
|
| 490 |
0 |
|
|a Kultura [!Kultúra] : irodalmi, művészeti, kritikai képes havi folyóirat
|v 2 No. 17-18
|
| 695 |
|
|
|a Szépirodalom
|
| 700 |
0 |
1 |
|a Pirosparty Mihály
|e aut
|
| 700 |
0 |
1 |
|a Alany János
|e aut
|
| 700 |
0 |
1 |
|a Pöffy Sándor
|e aut
|
| 700 |
0 |
1 |
|a Idy Ottó
|e aut
|
| 856 |
4 |
0 |
|u http://misc.bibl.u-szeged.hu/1323/1/kultura_002_017_018_742.pdf
|z Dokumentum-elérés
|